00573nam a2200193 0450000100060000001000180000610000410002410100080006510200070007320000730008020500140015321000580016721500230022560600290024867500210027770000320029870200310033080100180036134051 a9789896440909 a20170316e20122016m y0pory5003 ba1 apor aPT1 aInteligência emocionalfDaniel Golemangtrad. Mário Dias Correia a17ª. ed. aLisboacTemas e DebatescCírculo de Leitores,d2016 a374, [1] p.d24 cm aInteligência emocional a159.942vBNzpor aGolemanbDanielf1946-4070 aCorreiabMário Dias4730 0aPTbRMBLgRPC